00662nam a22001697a 4500003000900000008004100009020001500050040007100065082001900136100001900155245003800174260004000212300002800252505017100280650001600451650002500467AR-CdUCM190527b ||||| |||| 00| 0 spa d a9567170258 aMUNICIPALIDAD PROVINCIAL DEL CUSCOcBIBLIOTECA MUNICIPAL DEL CUSCO a869.569 /bF43 aFerrero, Mario aCesar Vallejo:bEl hombre total / aChile :bFértil provincia,c1992. a172 páginas ;c24 cm. aContenido : Imagen humana y emocional del poeta. vida y obra -- Influencia del ambiente en su formación cultural -- Significación y contenido de su indigenismo... aBiografía aAntología mínima